| 000 | 00897cam a2200253u 4500 | ||
|---|---|---|---|
| 999 |
_c126861 _d126861 |
||
| 001 | 6410845 | ||
| 003 | ARRUPE | ||
| 005 | 20170902120913.0 | ||
| 008 | 830331s1931 mau 000 0 eng | ||
| 010 | _a 32000675 | ||
| 040 |
_aDLC _cCarP _dDLC |
||
| 043 | _ae-uk-en | ||
| 050 | 0 | 0 |
_aM2123 _b.P6 1931 |
| 100 |
_aLenhart, James (ed.) _935530 |
||
| 245 | 0 | 4 |
_aThe Pilgrim hymnal ... _cJames W. Lenhart |
| 260 |
_aBoston, _aChicago, _bThe Pilgrim press _c[c1931] |
||
| 300 |
_a596p. ; _c22 cm. |
||
| 650 | 0 |
_aHymns, _xAnglican church _935473 |
|
| 906 |
_a0 _bcbc _cpremunv _du _encip _f19 _gy-gencatlg |
||
| 942 |
_2lcc _cMONOGRAPH |
||